000
00218 a2200109 4500
020
_a
9781338082166
041
_a
spa
100
_a
Meadows, Daisy
245
_a
Lidia el hada de lectura
942
_c
BK
999
_c
29670
_d
29668
999
_d
29668